Statistics for Cities of Greece

Click here to take the quiz!

General Stats

  • This quiz has been taken 791 times
  • The average score is 29 of 51

Answer Stats

Answer% Correct
Athens
100%
Thessaloniki
92%
Heraklion
84%
Patras
81%
Chania
77%
Larissa
77%
Ioannina
76%
Sparta
76%
Rhodes
73%
Corfu
71%
Volos
71%
Kavala
70%
Alexandroupolis
69%
Kalamata
69%
Lamia
66%
Corinth
65%
Tripolis
65%
Trikala
64%
Xanthi
63%
Serres
61%
Komotini
59%
Chalkis
57%
Rethymnon
57%
Arta
56%
Drama
56%
Preveza
56%
Katerini
55%
Kastoria
54%
Kozani
53%
Mytilene
53%
Pyrgos
53%
Karditsa
52%
Zante
52%
Agios Nikolaos
50%
Veria
49%
Igoumenitsa
48%
Florina
47%
Chios
46%
Edessa
46%
Kilkis
45%
Grevena
43%
Samos
43%
Livadia
42%
Ermoupolis
41%
Lefkada
41%
Karpenissi
39%
Argostoli
35%
Amfissa
33%
Polygyros
31%
Missolonghi
30%
Navplion
11%

Score Distribution

Percentile by Number Answered

Percent of People with Each Score

Your Score History

You have not taken this quiz